Crítica de la razón pura (Record no. 82217)

MARC details
000 -LEADER
campo de control de longitud fija 00766nam a2200241 i 4500
001 - NÚMERO DE CONTROL
campo de control 82217
003 - IDENTIFICADOR DE NÚMERO DE CONTROL
campo de control ES-MaACL
005 - FECHA Y HORA DE LA ÚLTIMA TRANSACCIÓN
campo de control 20250909195909.0
007 - CAMPO FIJO DE DESCRIPCIÓN FÍSICA--INFORMACIÓN GENERAL
campo de control de longitud fija t|
008 - DATOS DE LONGITUD FIJA--INFORMACIÓN GENERAL
campo de control de longitud fija 041201s1957 sp |||| | spa d
080 ## - NÚMERO DE LA CLASIFICACIÓN DECIMAL UNIVERSAL
Número de la Clasificación Decimal Universal 1 Kant, Immanuel(081)
100 1# - ENTRADA PRINCIPAL--NOMBRE DE PERSONA
Nombre de persona Kant, Immanuel,
Fechas asociadas al nombre 1724-1804
9 (RLIN) 222608
245 10 - MENCIÓN DEL TÍTULO
Título Crítica de la razón pura
Resto del título : estética trascendental y analítica trascendental /
Mención de responsabilidad, etc. Kant ; nota preliminar de Francisco Romero.
250 ## - MENCION DE EDICION
Mención de edición 3ª ed.
260 ## - PUBLICACIÓN, DISTRIBUCIÓN, ETC.
Lugar de publicación, distribución, etc. Buenos Aires :
Nombre del editor, distribuidor, etc. Losada,
Fecha de publicación, distribución, etc. 1957.
300 ## - DESCRIPCIÓN FÍSICA
Extensión 361 p. ;
Dimensiones 20 cm.
650 17 - PUNTO DE ACCESO ADICIONAL DE MATERIA--TÉRMINO DE MATERIA
Término de materia o nombre geográfico como elemento de entrada Filosofía
Fuente del encabezamiento o término embne
9 (RLIN) 12802
650 #4 - PUNTO DE ACCESO ADICIONAL DE MATERIA--TÉRMINO DE MATERIA
Término de materia o nombre geográfico como elemento de entrada Epistemología.
9 (RLIN) 12338
650 #7 - PUNTO DE ACCESO ADICIONAL DE MATERIA--TÉRMINO DE MATERIA
Término de materia o nombre geográfico como elemento de entrada Ética
Fuente del encabezamiento o término embne
9 (RLIN) 12577
700 0# - ENTRADA AGREGADA--NOMBRE PERSONAL
Nombre de persona Romero, Francisco,
Fechas asociadas al nombre 1891-1962
9 (RLIN) 99324
852 ## - LOCALIZACIÓN
Ubicación ES-MaACL
Número de control de estantería E-10533
Holdings
Estatus retirado Estado de pérdida Estado de daño No para préstamo Biblioteca de origen Biblioteca actual Ubicación en estantería Fecha de adquisición Fuente de adquisición Total de préstamos Signatura topográfica completa Código de barras Visto por última vez Precio de reemplazo Tipo de ítem Koha
        Biblioteca del Ateneo de Madrid Biblioteca del Ateneo de Madrid Depósito 2 17/01/2008     E-10533 1085929 23/02/2023 23/02/2023 Libro impreso